00340nam a22000977a 4500082001200000100003800012245008800050260004100138650001500179700004800194 a220 PRO aNC RAJA AEKANT NC SYED USMAN ALI  aPR-SOF-1910-X-Band Design of Linear Travelling Wave Slotted Array Waveguide Antenna aISLAMABADbNUST COLLEGE OF EMEc2020 aDE-COMP-38 aPROJECT SUPERVISOR ASST. PROF. ZUBAIR AHMED